The work of the pastor, (Record no. 4265)
[ view plain ]
| 000 -LEADER | |
|---|---|
| fixed length control field | 00592cam a2200217I 4500 |
| 001 - CONTROL NUMBER | |
| control field | 1486281 |
| 003 - CONTROL NUMBER IDENTIFIER | |
| control field | OCoLC |
| 005 - DATE AND TIME OF LATEST TRANSACTION | |
| control field | 20181204122420.0 |
| 008 - FIXED-LENGTH DATA ELEMENTS--GENERAL INFORMATION | |
| fixed length control field | 750729s1924 pau 000 0 eng u |
| 010 ## - LIBRARY OF CONGRESS CONTROL NUMBER | |
| LC control number | 24021946 |
| 040 ## - CATALOGING SOURCE | |
| Transcribing agency | UTS |
| Modifying agency | OCL |
| -- | m/c |
| -- | MAL |
| 050 ## - LIBRARY OF CONGRESS CALL NUMBER | |
| Classification number | BV4010 |
| Item number | .E7 |
| 082 ## - DEWEY DECIMAL CLASSIFICATION NUMBER | |
| Classification number | 250 |
| Item number | E66T |
| 092 ## - LOCALLY ASSIGNED DEWEY CALL NUMBER (OCLC) | |
| Classification number | 253 |
| Item number | Er2w |
| 100 1# - MAIN ENTRY--PERSONAL NAME | |
| Personal name | Erdman, Charles Rosenbury, |
| Dates associated with a name | 1866-1960. |
| 245 14 - TITLE STATEMENT | |
| Title | The work of the pastor, |
| Statement of responsibility, etc. | by Charles R. Erdman ... |
| 260 ## - PUBLICATION, DISTRIBUTION, ETC. | |
| Place of publication, distribution, etc. | Philadelphia, |
| Name of publisher, distributor, etc. | The Westminster Press, |
| Date of publication, distribution, etc. | 1924. |
| 300 ## - PHYSICAL DESCRIPTION | |
| Extent | xvi., 257 p., |
| Dimensions | 21 cm. |
| 650 #0 - SUBJECT ADDED ENTRY--TOPICAL TERM | |
| Topical term or geographic name entry element | Pastoral theology. |
| 942 ## - ADDED ENTRY ELEMENTS (KOHA) | |
| Source of classification or shelving scheme | Dewey Decimal Classification |
| Koha item type | Books |
| Withdrawn status | Lost status | Source of classification or shelving scheme | Damaged status | Not for loan | Collection code | Home library | Current library | Shelving location | Date acquired | Cost, normal purchase price | Total Checkouts | Full call number | Barcode | Date last seen | Price effective from | Koha item type |
|---|---|---|---|---|---|---|---|---|---|---|---|---|---|---|---|---|
| Dewey Decimal Classification | Non-fiction | Harvest Mission College | Harvest Mission College | General Stacks | 04.12.2018 | 460.00 | 250 E66T | 004865 | 04.12.2018 | 04.12.2018 | Books |
